<?xml version="1.0" encoding="UTF-8"?><?xml-stylesheet type="text/xsl" href="static/style.xsl"?><OAI-PMH xmlns="http://www.openarchives.org/OAI/2.0/" xmlns:xsi="http://www.w3.org/2001/XMLSchema-instance" xsi:schemaLocation="http://www.openarchives.org/OAI/2.0/ http://www.openarchives.org/OAI/2.0/OAI-PMH.xsd"><responseDate>2026-04-14T02:54:14Z</responseDate><request verb="GetRecord" identifier="oai:www.recercat.cat:10256/23529" metadataPrefix="marc">https://recercat.cat/oai/request</request><GetRecord><record><header><identifier>oai:recercat.cat:10256/23529</identifier><datestamp>2025-04-30T23:48:04Z</datestamp><setSpec>com_2072_452955</setSpec><setSpec>com_2072_2054</setSpec><setSpec>col_2072_453069</setSpec></header><metadata><record xmlns="http://www.loc.gov/MARC21/slim" xmlns:dcterms="http://purl.org/dc/terms/" xmlns:xsi="http://www.w3.org/2001/XMLSchema-instance" xmlns:doc="http://www.lyncode.com/xoai" xsi:schemaLocation="http://www.loc.gov/MARC21/slim http://www.loc.gov/standards/marcxml/schema/MARC21slim.xsd">
   <leader>00925njm 22002777a 4500</leader>
   <datafield ind2=" " ind1=" " tag="042">
      <subfield code="a">dc</subfield>
   </datafield>
   <datafield ind2=" " ind1=" " tag="720">
      <subfield code="a">Palarea Albaladejo, Javier</subfield>
      <subfield code="e">author</subfield>
   </datafield>
   <datafield ind2=" " ind1=" " tag="720">
      <subfield code="a">McNeilly, Tom N.</subfield>
      <subfield code="e">author</subfield>
   </datafield>
   <datafield ind2=" " ind1=" " tag="720">
      <subfield code="a">Nisbet, Alasdair J.</subfield>
      <subfield code="e">author</subfield>
   </datafield>
   <datafield ind2=" " ind1=" " tag="260">
      <subfield code="c">2024-02</subfield>
   </datafield>
   <datafield ind2=" " ind1=" " tag="520">
      <subfield code="a">This work discusses and demonstrates the novel use of multivariate analysis and data dimensionality reduction techniques to handle the variety and complexity of data generated in efficacy trials for the development of a prototype vaccine to protect sheep against the Teladorsagia circumcincta nematode. A curated collection of data dimension reduction and visualisation techniques, in conjunction with sensible statistical modelling and testing which explicitly model key features of the data, offers a synthetic view of the relationships between the multiple biological parameters measured. New biological insight is gained into the patterns and associations involving antigen-specific antibody levels, antibody avidity and parasitological parameters of efficacy that is not achievable by standard statistical practice in the field. This approach can therefore be used to guide vaccine refinement and simplification through identifying the most immunologically relevant antigens, and it can be analogously implemented for similar studies in other areas. To facilitate this, the associated data and computer codes written for the R open system for statistical computing are made freely available</subfield>
   </datafield>
   <datafield ind2=" " ind1=" " tag="520">
      <subfield code="a">The authors gratefully acknowledge funding for this project from Scottish Government Rural &amp; Environment Science &amp; Analytical Services (RESAS) and from the BBSRC, award number BB/L027186/1. We acknowledge funding from the European Union’s Horizon 2020 Research and Innovation Programme (Grant Number: 635408).&#xd;
Open Access funding provided thanks to the CRUE-CSIC agreement with Springer Nature</subfield>
   </datafield>
   <datafield tag="653" ind2=" " ind1=" ">
      <subfield code="a">Anàlisi multivariable</subfield>
   </datafield>
   <datafield tag="653" ind2=" " ind1=" ">
      <subfield code="a">Multivariate analysis</subfield>
   </datafield>
   <datafield tag="653" ind2=" " ind1=" ">
      <subfield code="a">Ovelles -- Paràsits</subfield>
   </datafield>
   <datafield tag="653" ind2=" " ind1=" ">
      <subfield code="a">Sheep -- Parasites</subfield>
   </datafield>
   <datafield tag="653" ind2=" " ind1=" ">
      <subfield code="a">Vacunes veterinàries</subfield>
   </datafield>
   <datafield tag="653" ind2=" " ind1=" ">
      <subfield code="a">Veterinary vaccines</subfield>
   </datafield>
   <datafield ind2="0" ind1="0" tag="245">
      <subfield code="a">A curated multivariate approach to study efficacy and optimisation of a prototype vaccine against teladorsagiasis in sheep</subfield>
   </datafield>
</record></metadata></record></GetRecord></OAI-PMH>